00894nam a2200241Ia 4500003000400000005001700004008004100021020001800062040000700080041000800087082002000095100005000115245004500165250000700210260005000217300001800267365001300285906004900298942001200347999001900359952014100378952013300519OSt20230609110518.0210423s2011 xx 000 0 und d a9788171948987 cAL aeng a657.46 SINV223 aSINGHANIA (Vinod K);SINGHANIA (Kapil).989266 aTaxmanns direct taxes: law and practice. a45 aNew DelhibTaxmann Publications Pvt Ltdc2011 aI-27,1476bPB b675cINR adirect ; law ; practice. ; taxes: ; Taxmanns 2ddccBK c159429d159429 001040708MCOMaSACPGbSACPGd2011-07-01eHigginbothams Pvt Ltdg675.00l0o657.46 SINVpPG005907r2022-08-24 00:00:00w2021-04-26yBK 001040708MCOMaSACPGbSACPGd2011-07-12eAthulya Booksg675.00l0o657.46 SINVpPG005983r2022-08-24 00:00:00w2021-04-26yBK